000 00325nam a2200121Ia 4500
008 220120s9999||||xx |||||||||||||| ||und||
082 _a5.133
100 _aKadam, Sachin
_912011
245 0 _aC# 4.0 programming made easy
260 _aShroff publishers and dis. Pvt.
_bNew Delhi
_c2011
300 _b0
650 _aELECTRONICS
999 _c137573
_d137573